Henry and Mudge and the funny lunch / (Record no. 3594)

MARC details
000 -LEADER
fixed length control field 01007nam a22003017a 4500
001 - CONTROL NUMBER
control field 3594
003 - CONTROL NUMBER IDENTIFIER
control field FISKH
005 - DATE AND TIME OF LATEST TRANSACTION
control field 20250703102837.0
008 - FIXED-LENGTH DATA ELEMENTS--GENERAL INFORMATION
fixed length control field 240321b cb ||||| |||| 00| 0 eng d
020 ## - INTERNATIONAL STANDARD BOOK NUMBER
International Standard Book Number 9780590040624
040 ## - CATALOGING SOURCE
Original cataloging agency FISKH
Language of cataloging eng
Transcribing agency FISKH
Modifying agency FISKH
050 ## - LIBRARY OF CONGRESS CALL NUMBER
Classification number PZ7.R982
082 ## - DEWEY DECIMAL CLASSIFICATION NUMBER
Classification number 176
100 ## - MAIN ENTRY--PERSONAL NAME
Personal name Rylant , Cynthia
Relator term author
245 ## - TITLE STATEMENT
Title Henry and Mudge and the funny lunch /
Statement of responsibility, etc. Story by Cynthia Rylant ; illustrated by Carolyn Bracken in the style of Sucie Stevenson
250 ## - EDITION STATEMENT
Edition statement First Scholastic , April 2005
260 ## - PUBLICATION, DISTRIBUTION, ETC.
Place of publication, distribution, etc. New York :
Name of publisher, distributor, etc. Scholastic ,
Date of publication, distribution, etc. 2004
300 ## - PHYSICAL DESCRIPTION
Extent 40 pages :
Other physical details color illustrations ;
Dimensions 24 cm .
490 ## - SERIES STATEMENT
Series statement Henry and Mudge
505 ## - FORMATTED CONTENTS NOTE
Formatted contents note J <br/>
520 ## - SUMMARY, ETC.
Summary, etc. Mudge looks forward to the Mother's Day surprise that Henry and his father cook up for Henry's mother.
521 8# - TARGET AUDIENCE NOTE
Target audience note 490 <br/>
Source Lexile <br/>
521 8# - TARGET AUDIENCE NOTE
Target audience note J <br/>
Source Raz-Plus <br/>
650 ## - SUBJECT ADDED ENTRY--TOPICAL TERM
Topical term or geographic name entry element Mother's Day
Form subdivision Fiction
700 ## - ADDED ENTRY--PERSONAL NAME
Personal name Bracken , Carlyn
Relator term illustrator
942 ## - ADDED ENTRY ELEMENTS (KOHA)
Source of classification or shelving scheme Dewey Decimal Classification
Koha item type Books
Suppress in OPAC No
Holdings
Withdrawn status Lost status Source of classification or shelving scheme Damaged status Not for loan Collection Home library Current library Shelving location Date acquired Total Checkouts Full call number Barcode Date last seen Copy number Price effective from Koha item type Total Renewals Date last checked out
    Dewey Decimal Classification     Juvenile Fiction Footprints International School Library Network Toul Kork Campus Footprints International School Library Network Toul Kork Campus TK Primary Library Room(4th Floor), Bookcase 1&2, Shelves 1-16, Dark Blue Books 07/03/2025 3 RYL 176 PZ7.R982 FISTK01198 04/09/2026 3 07/03/2025 Books   04/02/2026
    Dewey Decimal Classification     Juvenile Fiction Footprints International School Library Network Toul Tom Poung Campus Footprints International School Library Network Toul Tom Poung Campus TTP Primary Dark Blue Bookshelves 03/21/2024   RYL 176 PZ7.R982 FISBK02714 03/21/2024 1 03/21/2024 Books    
    Dewey Decimal Classification     Juvenile Fiction Footprints International School Library Network Toul Tom Poung Campus Footprints International School Library Network Toul Tom Poung Campus TTP Primary Dark Blue Bookshelves 05/07/2025 1 RYL 176 PZ7.R982 2025-1193 11/10/2025 2 05/07/2025 Books 1 11/10/2025